00373 2200157 4500001002100000005001500021035002000036245004400056100003100100250000600131300001200137260003200149082000800181084001400189990001200203INLIS00000000000253820250604121735 a0010-06250001241 aDemi Masa /cDr. Aidh Abdullah Al-Qarni0 aDr. Aidh Abdullah Al-Qarni a1 a384 hlm bCakrawala Publishing,c2005 a200 a200 DR. d a0712322